Logo BPK

Biblioteka

Politechniki Koszalińskiej

Reakcja Kabacznika-Fieldsa : (Rekord nr 33169)

Szczegóły MARC
000 -ETYKIETA REKORDU
podpole kontrolne o stałej długości 01421nam a2200277 i 4500
001 - NUMER KONTROLNY REKORDU
pole kontrolne bg
040 ## - ŹRÓDŁO KATALOGOWANIA
Instytucja, która utworzyła rekord BPK
041 0# - KOD JĘZYKA
Kod języka tekstu pl
Kod języka streszczenia lub abstraktu en
080 ## - UNIWERSALNA KLASYFIKACJA DZIESIĘTNA - UKD
UKD 547-32:544.4:632.95
008 - POLE O STAŁEJ DŁUGOŚCI - DANE KONTROLNE
podpole kontrolne o stałej długości s pl f |000 0 pol
100 1# - NAZWA OSOBOWA
Nazwa osobowa GANCARZ, Roman
245 10 - TYTUŁ/ODPOWIEDZIALNOŚĆ
Tytuł Reakcja Kabacznika-Fieldsa :
Ciąg dalszy tytułu synteza biologicznie aktywnych aminofosfonianów /
Pozostałe elementy strefy tytułu i oznaczenia odpowiedzialności Roman Gancarz.
246 11 - WARIANT TYTUŁU
Tytuł Kabachnik-Fields reaction. Synthesis of biologically active compounds
260 ## - STREFA ADRESU WYDAWNICZEGO
Miejsce wydania Wrocław :
Nazwa wydawcy/dystrybutora Oficyna Wydawnicza PW,
Data publikacji, dystrybucji/powstania dokumentu 1997.
300 ## - STREFA OPISU FIZYCZNEGO
Objętość 77, [1] s. :
Inne cechy fizyczne rys., wykr. ;
Rozmiary 24 cm.
490 1# - STREFA SERII I DOKUMENTU WIELOCZĘŚCIOWEGO - FORMA NIE DO WYSZUKIWANIA
Tytuł i oznaczenie odpowiedzialności serii Prace Naukowe Instytutu Chemii Organicznej, Biochemii i Biotechnologii Politechniki Wrocławskiej. Monografie =
-- Scientific Papers of the Institute of Organic Chemistry, Biochemistry and Biotechnology of the Wrocław University of Technology. Monographs,
ISSN 1429-2645 ;
Numeracja w obrębie serii 23
500 ## - UWAGI OGÓLNE
Tekst uwagi Tyt. równol. : Kabachnik-Fields reaction. Synthesis of biologically active compounds. - Numeracja serii gł. 39. - Streszcz. ang.
504 ## - UWAGA DOTYCZĄCA BIBLIOGRAFII
Informacje o bibliografii Bibliogr. s. 73-77.
650 #9 - HASŁO PRZEDMIOTOWE W FORMIE NAZWY OGÓLNEJ LUB JEDNOSTKOWEJ
Nazwa ogólna lub geograficzna Aminokwasy
Określnik ogólny badanie
650 #9 - HASŁO PRZEDMIOTOWE W FORMIE NAZWY OGÓLNEJ LUB JEDNOSTKOWEJ
Nazwa ogólna lub geograficzna Fosfor
Określnik ogólny związki
-- badanie
650 #9 - HASŁO PRZEDMIOTOWE W FORMIE NAZWY OGÓLNEJ LUB JEDNOSTKOWEJ
Nazwa ogólna lub geograficzna Reakcje chemiczne
Określnik ogólny badanie
650 #9 - HASŁO PRZEDMIOTOWE W FORMIE NAZWY OGÓLNEJ LUB JEDNOSTKOWEJ
Nazwa ogólna lub geograficzna Herbicydy
710 #0 - HASŁO DODATKOWE - NAZWA CIAŁA ZBIOROWEGO
Nazwa ciała zbiorowego lub jednostki geograficznej POLITECHNIKA WROCŁAWSKA (Wrocław)
Nazwa jednostki podrzędnej Instytut Chemii Organicznej, Biochemii i Biotechnologii
830 #0 - HASŁO DODATKOWE SERII LUB DOKUMENTU WIELOCZĘŚCIOWEGO - TYTUŁ UJEDNOLICONY
Tytuł ujednolicony Prace Naukowe Instytutu Chemii Organicznej, Biochemii i Biotechnologii Politechniki Wrocławskiej.
Nazwa części/sekcji dzieła Monografie ;
Oznaczenie tomu 23
856 ## - LOKALIZACJA I DOSTĘP DO ELEKTRONICZNYCH DOKUMENTÓW ZDALNYCH
Link (URL) http://koha.tu.koszalin.pl/cgi-bin/koha/opac-detail.pl?biblionumber=33169
Tekst linku Katalog online BPK
942 ## - DODATKOWE ELEMENTY (KOHA)
Typ dokumentu Książka
Egzemplarze
Wycofany Status egzemplarza Uszkodzony Dostępność Lokalizacja stała Lokalizacja bieżąca Miejsce przechowywania Sygnatura Kod kreskowy Typ dokumentu
      Dostępny Biblioteka Politechniki Koszalińskiej Biblioteka Politechniki Koszalińskiej Wypożyczalnia BG 43004 01329698 Książka
© 2023 Biblioteka Politechniki Koszalińskiej :: KOHA